[Event "XXXV Festival A"]
[Site "Arco ITA"]
[Date "2013.10.18"]
[Round "7"]
[White "Karl, Hans"]
[Black "Wild, Helmut"]
[WhiteElo "2131"]
[BlackElo "1973"]
[Result "1/2-1/2"]
[PlyCount "32"]
[EventDate "2013.10.12"]

1. e4 c6 2. d4 d5 3. e5 Bf5 4. Ne2 e6 5. Ng3 Bg6 6. c4 Nd7 7. cxd5 cxd5 8. Nc3
Ne7 9. Bd3 a6 10. Bg5 Qb6 11. Bxe7 Bxe7 12. Bxg6 hxg6 13. Qd3 Rc8 14. Nge2 Nb8
15. O-O Nc6 16. a3 Qa7 1/2-1/2

[Event "XXXV Festival A"]
[Site "Arco ITA"]
[Date "2013.10.18"]
[Round "7"]
[White "Kierzek, Matthias"]
[Black "Ambartsumova, Karina"]
[WhiteElo "2236"]
[BlackElo "2320"]
[Result "0-1"]
[PlyCount "78"]
[EventDate "2013.10.12"]

1. d4 Nf6 2. c4 e6 3. Nf3 d5 4. Nc3 Bb4 5. cxd5 exd5 6. Bg5 Nbd7 7. e3 c5 8.
dxc5 Qa5 9. Rc1 Bxc3+ 10. bxc3 O-O 11. Be2 Ne4 12. O-O Ndxc5 13. Be7 Re8 14.
Bxc5 Qxc5 15. Qd4 Qa5 16. Rc2 Bf5 17. Nh4 Be6 18. f3 Nd6 19. g4 Rac8 20. Bd3
Nb5 21. Bxb5 Qxb5 22. Nf5 Bxf5 23. gxf5 Qc5 24. Kf2 Qxd4 25. exd4 Rc4 26. Rb1
b6 27. Rb5 Rd8 28. Ke3 Rc6 29. Kf4 Kf8 30. a4 Ke7 31. Re2+ Kf6 32. a5 Rdd6 33.
Re5 Rxc3 34. axb6 axb6 35. Rexd5 Rxd5 36. Rxd5 Rb3 37. Rd6+ Ke7 38. Rc6 Kd7 39.
f6 g5+ 0-1

[Event "XXXV Festival A"]
[Site "Arco ITA"]
[Date "2013.10.18"]
[Round "7"]
[White "Meister, Peter"]
[Black "Kveinys, Aloyzas"]
[WhiteElo "2399"]
[BlackElo "2511"]
[Result "1/2-1/2"]
[PlyCount "30"]
[EventDate "2013.10.12"]

1. d4 Nf6 2. Nf3 e6 3. e3 d5 4. Bd3 c5 5. b3 Nc6 6. O-O Bd6 7. Bb2 cxd4 8. exd4
Ne4 9. c4 O-O 10. Nc3 Nxc3 11. Bxc3 b6 12. Rc1 Bf4 13. Bd2 Bxd2 14. Qxd2 dxc4
15. bxc4 Bb7 1/2-1/2

[Event "XXXV Festival A"]
[Site "Arco ITA"]
[Date "2013.10.18"]
[Round "7"]
[White "Pedersen, Henrik Bolding"]
[Black "Schnitzspan, Lothar"]
[WhiteElo "2123"]
[BlackElo "2324"]
[Result "0-1"]
[PlyCount "120"]
[EventDate "2013.10.12"]

1. e4 c5 2. c3 d6 3. d4 Nf6 4. f3 cxd4 5. cxd4 e6 6. Nc3 Be7 7. Be3 O-O 8. Qd2
a6 9. a4 Nc6 10. Bd3 Qa5 11. Nge2 b5 12. O-O b4 13. Nd1 Bd7 14. Nc1 Rfc8 15.
Nb3 Qc7 16. a5 Qb7 17. Qe2 Bd8 18. Nf2 Be8 19. g4 e5 20. d5 Ne7 21. f4 Ng6 22.
fxe5 Nxe5 23. Nd4 Be7 24. Nf5 Bf8 25. Rfc1 Bd7 26. Bd4 g6 27. Ne3 Bh6 28. Rxc8+
Qxc8 29. Bxe5 dxe5 30. Nc4 Bxg4 31. Nxg4 Nxg4 32. Kg2 Rb8 33. Rf1 Bf4 34. h3
Nf6 35. Nb6 Qc5 36. Bxa6 Qxa5 37. Nc8 Qc5 38. d6 Rxc8 39. Bxc8 Qxc8 40. Qd3 Kg7
41. Rd1 Nd7 42. Ra1 Qc5 43. Ra8 Qc1 44. b3 Be3 45. Ra2 Bd4 46. Rc2 Qg5+ 47. Qg3
Qf6 48. Rc6 h5 49. h4 Qe6 50. Qg5 Qxb3 51. Qd8 Qb2+ 52. Kh1 Qb1+ 53. Kh2 Qg1+
54. Kh3 Qg4+ 55. Kh2 Bg1+ 56. Kh1 Be3 57. Kh2 Qg1+ 58. Kh3 Bf4 59. Qh8+ Kxh8
60. Rc8+ Nf8 0-1

[Event "XXXV Festival A"]
[Site "Arco ITA"]
[Date "2013.10.18"]
[Round "7"]
[White "Perman, Denis"]
[Black "Trauth, Michael"]
[WhiteElo "1814"]
[BlackElo "2182"]
[Result "0-1"]
[PlyCount "106"]
[EventDate "2013.10.12"]

1. e4 c5 2. Nf3 Nc6 3. c3 d5 4. exd5 Qxd5 5. d4 cxd4 6. cxd4 e5 7. Nc3 Bb4 8.
Be2 Nxd4 9. O-O Bxc3 10. bxc3 Nxf3+ 11. Bxf3 Qxd1 12. Rxd1 Nf6 13. Ba3 e4 14.
Re1 Be6 15. Bxe4 Nxe4 16. Rxe4 O-O-O 17. Re2 Rd3 18. Bb4 b6 19. Rc2 Rhd8 20. h3
a5 21. Be7 Rd1+ 22. Rxd1 Rxd1+ 23. Kh2 Bc4 24. Bf8 g6 25. a3 Kc7 26. Kg3 Kc6
27. Kf4 h5 28. Ke3 b5 29. Rd2 Rxd2 30. Kxd2 Bf1 31. g4 Bxh3 32. gxh5 gxh5 33.
Be7 Kd5 34. Ke3 Kc4 35. Kd2 Bf5 36. Bd8 a4 37. Bf6 Kb3 38. Be7 Bg6 39. Ke3 Kxc3
40. Kf4 Bd3 41. Kg5 Be2 42. Kh4 Kd3 43. Kg3 Ke4 44. Kh4 f5 45. Bc5 Bg4 46. Bd6
Kf3 47. Bc5 Ke4 48. Bd6 f4 49. Kg5 Be2 50. Bxf4 h4 51. Bd6 h3 52. Kh4 b4 53.
Kxh3 b3 0-1

[Event "XXXV Festival A"]
[Site "Arco ITA"]
[Date "2013.10.18"]
[Round "7"]
[White "Pipitone, Antonio"]
[Black "Cardili, Mariano"]
[WhiteElo "1923"]
[BlackElo "2127"]
[Result "0-1"]
[PlyCount "117"]
[EventDate "2013.10.12"]

1. e4 c6 2. d4 d5 3. Nc3 dxe4 4. Nxe4 Bf5 5. Ng3 Bg6 6. h4 h6 7. Nf3 Nd7 8. h5
Bh7 9. Bd3 Bxd3 10. Qxd3 e6 11. Bd2 Ngf6 12. c4 Be7 13. a3 O-O 14. O-O c5 15.
Qe2 Qc7 16. Rfe1 Bd6 17. Ne4 Nxe4 18. Qxe4 Nf6 19. Qh4 Be7 20. dxc5 Qxc5 21.
Bb4 Qc7 22. Bxe7 Qxe7 23. Rad1 Rac8 24. b4 Rfd8 25. Rd4 Rxd4 26. Qxd4 Nxh5 27.
Re5 Nf6 28. c5 Rd8 29. Qc4 Rd1+ 30. Kh2 Qc7 31. g3 h5 32. Kg2 g6 33. b5 Ra1 34.
a4 Qa5 35. c6 Rxa4 36. cxb7 Rxc4 37. b8=Q+ Kg7 38. Qd6 Qc7 39. Qd3 Rc3 40. Qd4
Qc4 41. Qxa7 Ng4 42. Nd2 Qd3 43. Rxe6 Qxd2 44. Re4 Qd5 45. Qd4+ Qxd4 46. Rxd4
Rb3 47. Rd5 Rb2 48. Rd6 Nxf2 49. Kf3 Ng4 50. b6 Ne5+ 51. Ke4 Nc4 52. Rc6 Nxb6
53. Kd4 Nd7 54. Rc7 Rg2 55. Ke4 Nf6+ 56. Kf3 Ra2 57. Rb7 g5 58. Rc7 g4+ 59. Kf4
0-1

[Event "XXXV Festival A"]
[Site "Arco ITA"]
[Date "2013.10.18"]
[Round "7"]
[White "Rahls, Peter"]
[Black "Drasko, Milan"]
[WhiteElo "2228"]
[BlackElo "2451"]
[Result "0-1"]
[PlyCount "80"]
[EventDate "2013.10.12"]

1. e4 e6 2. Nf3 d5 3. e5 Bd7 4. a3 c5 5. b4 Nc6 6. bxc5 Bxc5 7. d4 Bb6 8. c3 f6
9. Bd3 fxe5 10. dxe5 Nh6 11. O-O Nf7 12. Bf4 g5 13. Be3 Bxe3 14. fxe3 g4 15.
Nd4 Nfxe5 16. Be2 Qg5 17. Rf4 h5 18. Nd2 Ng6 19. g3 Nxf4 20. exf4 Qf6 21. N2b3
Nxd4 22. cxd4 Ba4 23. Rb1 O-O 24. Qd2 b6 25. Qb4 Bxb3 26. Rxb3 Rac8 27. Re3 Rf7
28. Re5 Qe7 29. Qb1 Rg7 30. Kg2 Rc3 31. f5 h4 32. Rxe6 h3+ 33. Kf2 Qg5 34. Re8+
Kf7 35. Re5 Qd2 36. f6 Qxd4+ 37. Ke1 Qxe5 38. fxg7 Kxg7 39. Qb4 Rc4 40. Qb5
Rc1+ 0-1

[Event "XXXV Festival A"]
[Site "Arco ITA"]
[Date "2013.10.18"]
[Round "7"]
[White "Simeone, Giulio"]
[Black "Zucchelli, Massimo"]
[WhiteElo "2014"]
[BlackElo "2199"]
[Result "0-1"]
[PlyCount "86"]
[EventDate "2013.10.12"]

1. c4 e6 2. e4 d5 3. cxd5 exd5 4. exd5 Nf6 5. Bb5+ Nbd7 6. Nf3 a6 7. Ba4 Qe7+
8. Qe2 Qxe2+ 9. Kxe2 Bd6 10. Re1 O-O 11. Kf1 b5 12. Bc2 Bb7 13. d4 Bxd5 14. Ne5
Nb6 15. Nc3 Bb7 16. Bg5 Nfd5 17. Nd3 Nxc3 18. bxc3 Bd5 19. Bf4 Bc4 20. Bxd6
cxd6 21. Ke2 Rfc8 22. Kd2 Ra7 23. Nb4 g6 24. Bb3 a5 25. Nd3 Nd5 26. Rec1 Rac7
27. f3 Kf8 28. g3 a4 29. Bxc4 Rxc4 30. Nb4 Nxb4 31. cxb4 Rxd4+ 32. Ke3 Rxc1 33.
Rxc1 Rxb4 34. Rc6 Ke7 35. Rb6 Ke6 36. Kd3 Rb2 37. h4 a3 38. Kc3 Kd5 39. Rb7 b4+
40. Kd3 Kc6 41. Rxf7 Rxa2 42. Rxh7 b3 43. Kc3 b2 0-1

[Event "XXXV Festival A"]
[Site "Arco ITA"]
[Date "2013.10.18"]
[Round "7"]
[White "Sprea, Giuseppe"]
[Black "Knors, Rudi"]
[WhiteElo "1910"]
[BlackElo "2100"]
[Result "0-1"]
[PlyCount "110"]
[EventDate "2013.10.12"]

1. d4 d5 2. Nf3 Nf6 3. c4 c6 4. e3 e6 5. b3 Bd6 6. Bd3 Nbd7 7. Bb2 O-O 8. Nbd2
Qe7 9. Ne5 Re8 10. O-O Nf8 11. Qc2 Ng6 12. Ndf3 Nd7 13. Nxd7 Bxd7 14. e4 Rac8
15. e5 Ba3 16. Bxa3 Qxa3 17. Bxg6 fxg6 18. c5 Qa5 19. b4 Qd8 20. h4 Rf8 21. Qd3
Qe7 22. a4 a6 23. Ra3 Rf4 24. g3 Rf5 25. Nh2 g5 26. hxg5 Qxg5 27. Nf3 Qg4 28.
Nh2 Qg5 29. Qe3 Qe7 30. f4 g5 31. g4 Rxf4 32. Rxf4 gxf4 33. Qxf4 Rf8 34. Qg3
Be8 35. Rf3 Bg6 36. Rxf8+ Qxf8 37. Qf3 Qh6 38. Nf1 Be4 39. Qe3 Qh1+ 40. Kf2
Qg2+ 41. Ke1 Qxg4 42. Qg3 Qxg3+ 43. Nxg3 Bc2 44. a5 Bg6 45. Kf2 Kg7 46. Ne2 Bf5
47. Kg3 Kg6 48. Kh4 Bc2 49. Ng3 Bd1 50. Nf1 h6 51. Ne3 Be2 52. Kg3 Kg5 53. Ng2
h5 54. Kf2 Bg4 55. Ne3 Kf4 0-1

[Event "XXXV Festival A"]
[Site "Arco ITA"]
[Date "2013.10.18"]
[Round "7"]
[White "Van Der Heijden, Anton"]
[Black "Ager, Josef"]
[WhiteElo "2300"]
[BlackElo "2168"]
[Result "1/2-1/2"]
[PlyCount "52"]
[EventDate "2013.10.12"]

1. d4 Nf6 2. c4 g6 3. Nc3 Bg7 4. e4 d6 5. f4 O-O 6. Nf3 Na6 7. Bd3 e5 8. fxe5
dxe5 9. d5 c6 10. O-O cxd5 11. cxd5 Nc5 12. Bc2 Ne8 13. Be3 Na6 14. a3 Nd6 15.
Qe2 Bd7 16. Bd3 Nc7 17. Bg5 f6 18. Bh4 Nf7 19. Nd2 Ne8 20. b4 Nfd6 21. Nb3 b6
22. a4 Bh6 23. Ra2 Rc8 24. Rc2 Qe7 25. a5 Nb7 26. a6 Nbd6 1/2-1/2

[Event "XXXV Festival A"]
[Site "Arco ITA"]
[Date "2013.10.18"]
[Round "7"]
[White "Xia, Jie"]
[Black "Giancotti, Eraldo"]
[WhiteElo "2282"]
[BlackElo "2025"]
[Result "1-0"]
[PlyCount "87"]
[EventDate "2013.10.12"]

1. Nf3 d6 2. e4 Nf6 3. Nc3 g6 4. d4 Bg7 5. h3 O-O 6. Be3 e5 7. Bd3 Nc6 8. dxe5
dxe5 9. O-O Nh5 10. Bg5 Bf6 11. Bxf6 Nxf6 12. Bb5 Qxd1 13. Rfxd1 Bd7 14. Nd5
Nxd5 15. Rxd5 Be8 16. Bxc6 Bxc6 17. Rxe5 Rfe8 18. Re1 f6 19. Rxe8+ Rxe8 20. Nd2
Kf7 21. f3 f5 22. Kf2 Kf6 23. Ke3 Re7 24. h4 h6 25. g3 g5 26. hxg5+ hxg5 27.
Kf2 g4 28. exf5 Rxe1 29. Kxe1 gxf3 30. Kf2 Kxf5 31. Nxf3 Be8 32. Nd2 c5 33. Ke3
Kg4 34. Ne4 Bc6 35. Nxc5 Kxg3 36. Nd3 Be8 37. Ne5 Bh5 38. c4 Kg2 39. b4 Kf1 40.
b5 Be8 41. a4 b6 42. Kd4 Ke2 43. c5 bxc5+ 44. Kxc5 1-0

[Event "XXXV Festival A"]
[Site "Arco ITA"]
[Date "2013.10.19"]
[Round "8"]
[White "Ager, Josef"]
[Black "Xia, Jie"]
[WhiteElo "2168"]
[BlackElo "2282"]
[Result "0-1"]
[PlyCount "80"]
[EventDate "2013.10.12"]

1. d4 Nf6 2. Nf3 g6 3. c3 Bg7 4. Bg5 Ne4 5. Bh4 O-O 6. e3 d5 7. Nbd2 Nxd2 8.
Qxd2 Nd7 9. Bd3 c6 10. O-O Nf6 11. Qc2 Ne8 12. Rac1 Nd6 13. Bg3 Bg4 14. Nd2 Rc8
15. h3 Be6 16. b4 Bh6 17. Rfe1 Qd7 18. Nf3 f6 19. Rcd1 Ra8 20. Bxd6 exd6 21.
Nd2 Rae8 22. c4 dxc4 23. Nxc4 f5 24. f4 Bd5 25. Nd2 b5 26. Nb1 Bg7 27. Bf1 Bf7
28. g3 Rc8 29. Bg2 Bc4 30. Nc3 a5 31. a3 Qa7 32. Ra1 Rfe8 33. Kh2 d5 34. Qb2
Bf8 35. Bf3 Ra8 36. g4 Bd6 37. Kh1 axb4 38. axb4 Qe7 39. Rxa8 Rxa8 40. gxf5 Qh4
0-1

[Event "XXXV Festival A"]
[Site "Arco ITA"]
[Date "2013.10.19"]
[Round "8"]
[White "Ambartsumova, Karina"]
[Black "Rahls, Peter"]
[WhiteElo "2320"]
[BlackElo "2228"]
[Result "1-0"]
[PlyCount "137"]
[EventDate "2013.10.12"]

1. e4 c5 2. Nf3 e6 3. d4 cxd4 4. Nxd4 Nf6 5. Nc3 d6 6. g4 h6 7. Bg2 Nc6 8. h3
Nxd4 9. Qxd4 e5 10. Qd3 Be7 11. Be3 Bd7 12. O-O Bc6 13. Rfd1 O-O 14. a4 a6 15.
a5 Qd7 16. b3 Qe6 17. Ne2 Rfd8 18. c4 Bf8 19. Ng3 g6 20. Ne2 Rac8 21. Nc3 Qe7
22. Rac1 Kh7 23. Bb6 Re8 24. Be3 Bd7 25. Qe2 Be6 26. Na4 Nd7 27. Qb2 Qh4 28.
Qe2 Be7 29. Rc3 Rg8 30. f3 f5 31. Bf2 Qf6 32. Kf1 h5 33. Ke1 Rcf8 34. Kd2 fxg4
35. hxg4 hxg4 36. Be3 Kg7 37. fxg4 Rh8 38. g5 Qf7 39. Rf1 Qe8 40. Bf3 Bh3 41.
Rg1 d5 42. exd5 Bb4 43. Kc1 Bxc3 44. Nxc3 Qe7 45. Kb2 Bf5 46. Rd1 Qb4 47. d6
Be6 48. Bd5 Bf5 49. Bf3 Rh3 50. Nd5 Qxa5 51. Bd2 Qc5 52. Bb4 Qc6 53. Rf1 Rfh8
54. Ne7 Qb6 55. Nd5 Qd8 56. Ne7 Rh2 57. Rf2 Rxf2 58. Qxf2 Rh3 59. Bc3 Qh8 60.
Qe2 Rh2 61. Bg2 Kf7 62. Ka3 Ke8 63. Qf3 e4 64. Qe3 Qh4 65. Qa7 Kf7 66. Qxb7
Qxg5 67. Nxf5 Qxf5 68. Bxe4 Qg4 69. Bd5+ 1-0

[Event "XXXV Festival A"]
[Site "Arco ITA"]
[Date "2013.10.19"]
[Round "8"]
[White "Antonelli, Fabrizio"]
[Black "Karl, Hans"]
[WhiteElo "2029"]
[BlackElo "2131"]
[Result "1/2-1/2"]
[PlyCount "71"]
[EventDate "2013.10.12"]

1. e4 e5 2. Nf3 Nc6 3. Bb5 a6 4. Ba4 Nf6 5. Qe2 b5 6. Bb3 Bc5 7. O-O d6 8. a4
b4 9. a5 O-O 10. c3 Bg4 11. h3 Bh5 12. d3 h6 13. Be3 Bxe3 14. Qxe3 d5 15. exd5
Nxd5 16. Qe4 Bxf3 17. Qxf3 Nce7 18. Re1 Qd6 19. Qe4 Nf6 20. Qxe5 Qxd3 21. Rd1
Ng6 22. Qxc7 Qe2 23. Nd2 bxc3 24. Qxc3 Rac8 25. Re1 Qh5 26. Qf3 Qb5 27. Ne4
Nxe4 28. Rxe4 Rb8 29. Re3 Ne5 30. Qd5 Rfd8 31. Qxe5 Qxe5 32. Bxf7+ Kxf7 33.
Rxe5 Rxb2 34. Ra3 Rd1+ 35. Kh2 Rxf2 36. Kg3 1/2-1/2

[Event "XXXV Festival A"]
[Site "Arco ITA"]
[Date "2013.10.19"]
[Round "8"]
[White "Bonagura, Stefano"]
[Black "Van Der Heijden, Anton"]
[WhiteElo "2183"]
[BlackElo "2300"]
[Result "1/2-1/2"]
[PlyCount "105"]
[EventDate "2013.10.12"]

1. c4 Nf6 2. g3 g6 3. Bg2 Bg7 4. Nc3 O-O 5. e4 c5 6. Nge2 Nc6 7. O-O a6 8. a4
d6 9. d3 Bd7 10. h3 Ne8 11. Be3 Nc7 12. d4 cxd4 13. Bxd4 Ne6 14. Be3 Na5 15. b3
Rb8 16. Ra2 b5 17. axb5 axb5 18. c5 b4 19. Nd5 Nxc5 20. Bxc5 dxc5 21. Rxa5 Qxa5
22. Nxe7+ Kh8 23. Qxd7 Rbd8 24. Qg4 Rd2 25. Nc1 Qa3 26. Qg5 Qb2 27. Qxc5 Qc3
28. Qxc3 bxc3 29. Nd5 c2 30. Ne3 Rfd8 31. Bf3 Bh6 32. Nd5 f5 33. Nc3 R2d3 34.
Nxd3 Rxd3 35. Ne2 Rxf3 36. exf5 Rd3 37. fxg6 hxg6 38. f4 Rd1 39. Kf2 Bf8 40.
Nc1 Ba3 41. Na2 Rb1 42. Ke2 Rxb3 43. Rf3 Rxf3 44. Kxf3 Kg7 45. Ke4 Kf6 46. h4
c1=Q 47. Nxc1 Bxc1 48. g4 g5 49. hxg5+ Kg6 50. Ke5 Bd2 51. Ke4 Bc1 52. Ke5 Bd2
53. Ke4 1/2-1/2

[Event "XXXV Festival A"]
[Site "Arco ITA"]
[Date "2013.10.19"]
[Round "8"]
[White "Cardili, Mariano"]
[Black "Niccoli, Paolo"]
[WhiteElo "2127"]
[BlackElo "1870"]
[Result "1/2-1/2"]
[PlyCount "45"]
[EventDate "2013.10.12"]

1. d4 g6 2. c4 Bg7 3. Nc3 d6 4. e4 Nf6 5. Nf3 O-O 6. Be2 e5 7. O-O Nc6 8. d5
Ne7 9. Ne1 Nd7 10. Nd3 f5 11. Bd2 Nf6 12. f3 f4 13. c5 g5 14. Rc1 Ng6 15. cxd6
cxd6 16. Nb5 Rf7 17. Qc2 Ne8 18. Nf2 h5 19. h3 Bf8 20. Qb3 Rg7 21. Rc2 a6 22.
Na3 b5 23. Rfc1 1/2-1/2

[Event "XXXV Festival A"]
[Site "Arco ITA"]
[Date "2013.10.19"]
[Round "8"]
[White "De Eccher, Stefano"]
[Black "Meister, Peter"]
[WhiteElo "2239"]
[BlackElo "2399"]
[Result "0-1"]
[PlyCount "76"]
[EventDate "2013.10.12"]

1. e4 g6 2. d4 Bg7 3. Nc3 d6 4. g3 Nc6 5. Be3 e5 6. dxe5 Nxe5 7. h3 Be6 8. f4
Nc4 9. Bd4 Nxb2 10. Bxg7 Nxd1 11. Rxd1 f6 12. Bxh8 Qe7 13. Nf3 O-O-O 14. e5
dxe5 15. Rxd8+ Kxd8 16. fxe5 Qc5 17. Kd2 Qf2+ 18. Be2 Qxg3 19. Ke3 g5 20. Rd1+
Kc8 21. exf6 Nxf6 22. Bxf6 Qf4+ 23. Kf2 Qxf6 24. Ne4 Qe7 25. Nexg5 Bd7 26. Bd3
h6 27. Ne4 Bxh3 28. Rh1 Bf5 29. Nd6+ Qxd6 30. Bxf5+ Kb8 31. Bd3 a6 32. a4 Ka7
33. Rh5 c5 34. Rh4 Qf6 35. Rc4 Qd6 36. Rg4 Qf6 37. Rg6 Qf4 38. Ke2 c4 0-1

[Event "XXXV Festival A"]
[Site "Arco ITA"]
[Date "2013.10.19"]
[Round "8"]
[White "Giancotti, Eraldo"]
[Black "Bisignano, Giuseppe"]
[WhiteElo "2025"]
[BlackElo "1908"]
[Result "1-0"]
[PlyCount "57"]
[EventDate "2013.10.12"]

1. c4 g6 2. g3 Bg7 3. Bg2 c5 4. Nc3 Nc6 5. Nf3 d6 6. O-O e6 7. Rb1 Nge7 8. a3
Qa5 9. d4 cxd4 10. Nb5 O-O 11. b4 Qd8 12. Nbxd4 d5 13. c5 e5 14. Nb5 a6 15. Nd6
Qc7 16. Bb2 Be6 17. Ng5 Nd4 18. f4 Bg4 19. Nf3 Ndf5 20. Nxe5 Ne3 21. Qc1 Nxf1
22. Nxg4 Nxg3 23. hxg3 b6 24. f5 Bxb2 25. Qxb2 f6 26. Nxf6+ Rxf6 27. Qxf6 Rf8
28. Qe6+ Kg7 29. f6+ 1-0

[Event "XXXV Festival A"]
[Site "Arco ITA"]
[Date "2013.10.19"]
[Round "8"]
[White "Huemmer, Bernd"]
[Black "Astengo, Corrado"]
[WhiteElo "2195"]
[BlackElo "2064"]
[Result "1/2-1/2"]
[PlyCount "87"]
[EventDate "2013.10.12"]

1. d4 d5 2. Nf3 Nf6 3. Bf4 g6 4. e3 Bg7 5. h3 O-O 6. Nbd2 c5 7. c3 b6 8. Ne5
Bb7 9. Be2 Nc6 10. O-O Nxe5 11. Bxe5 Rc8 12. a4 cxd4 13. exd4 a5 14. Re1 Qd7
15. Qb3 Qd8 16. Bd3 Nd7 17. Bh2 Re8 18. Bb5 e5 19. Bxd7 Qxd7 20. Bxe5 Bxe5 21.
dxe5 d4 22. Ne4 Bxe4 23. Rxe4 dxc3 24. bxc3 Re6 25. Rae1 Rc5 26. f4 Rd5 27. Kh2
Rd3 28. R4e3 Rd2 29. Qc4 Rc6 30. Qe4 Qc8 31. Qf3 Rc2 32. Qd5 Rc5 33. Qd6 Rc6
34. Qe7 Qe6 35. Qd8+ Kg7 36. Qd3 R2xc3 37. Qxc3 Rxc3 38. Rxc3 Qd5 39. Rce3 Qc4
40. Re4 Qc6 41. Rd4 Qc3 42. Red1 Qe3 43. R1d3 Qe2 44. Rd2 1/2-1/2

[Event "XXXV Festival A"]
[Site "Arco ITA"]
[Date "2013.10.19"]
[Round "8"]
[White "Knors, Rudi"]
[Black "Kierzek, Matthias"]
[WhiteElo "2100"]
[BlackElo "2236"]
[Result "1/2-1/2"]
[PlyCount "42"]
[EventDate "2013.10.12"]

1. e4 c6 2. d4 d5 3. exd5 cxd5 4. Bd3 Nc6 5. c3 Qc7 6. Ne2 Bg4 7. Qb3 Bxe2 8.
Bxe2 Nxd4 9. Qxd5 Rd8 10. Bb5+ Nc6 11. Bxc6+ bxc6 12. Qf3 e6 13. Bf4 Bd6 14.
Bxd6 Qxd6 15. O-O Nf6 16. Na3 O-O 17. Rfd1 Qb8 18. Nc4 Rd5 19. b3 Rfd8 20. Ne3
Rxd1+ 21. Rxd1 Rxd1+ 1/2-1/2

[Event "XXXV Festival A"]
[Site "Arco ITA"]
[Date "2013.10.19"]
[Round "8"]
[White "Kveinys, Aloyzas"]
[Black "Karpatchev, Aleksandr"]
[WhiteElo "2511"]
[BlackElo "2461"]
[Result "1/2-1/2"]
[PlyCount "25"]
[EventDate "2013.10.12"]

1. d4 d5 2. c4 dxc4 3. Nf3 Nf6 4. e3 e6 5. Bxc4 a6 6. O-O c5 7. dxc5 Bxc5 8.
Qxd8+ Kxd8 9. Ne5 Ke7 10. Be2 Bd7 11. Nxd7 Nbxd7 12. Nc3 Rhd8 13. Rd1 1/2-1/2

[Event "XXXV Festival A"]
[Site "Arco ITA"]
[Date "2013.10.19"]
[Round "8"]
[White "Messina, Roberta"]
[Black "Perman, Sergey"]
[WhiteElo "2062"]
[BlackElo "2133"]
[Result "1/2-1/2"]
[PlyCount "30"]
[EventDate "2013.10.12"]

1. c4 c5 2. g3 Nc6 3. Bg2 g6 4. Nc3 Bg7 5. Nf3 e6 6. O-O Nge7 7. d3 O-O 8. a3
h6 9. Rb1 Kh7 10. Bd2 d5 11. b4 cxb4 12. axb4 d4 13. Na4 e5 14. b5 Nb8 15. Ne1
Nd7 1/2-1/2

[Event "XXXV Festival A"]
[Site "Arco ITA"]
[Date "2013.10.19"]
[Round "8"]
[White "Nanni, Sergio"]
[Black "Barlocco, Carlo"]
[WhiteElo "1663"]
[BlackElo "2148"]
[Result "0-1"]
[PlyCount "34"]
[EventDate "2013.10.12"]

1. e4 Nf6 2. Nc3 e5 3. Bc4 Nxe4 4. Bxf7+ Kxf7 5. Nxe4 d5 6. Ng3 Bd6 7. d3 Rf8
8. Nf3 Kg8 9. h3 Qf6 10. Qe2 Nc6 11. c3 Bd7 12. Be3 b5 13. Nd2 Qg6 14. Nb3 b4
15. Nc5 Bc8 16. O-O d4 17. Bd2 Bxc5 0-1

[Event "XXXV Festival A"]
[Site "Arco ITA"]
[Date "2013.10.19"]
[Round "8"]
[White "Popa, Claudiu"]
[Black "Hilbenz, Guntram"]
[WhiteElo "2136"]
[BlackElo "1909"]
[Result "0-1"]
[PlyCount "118"]
[EventDate "2013.10.12"]

1. e4 d6 2. d4 Nf6 3. Bd3 e5 4. c3 d5 5. dxe5 Nxe4 6. Nf3 Nc6 7. Nbd2 Nc5 8.
Bb1 Bg4 9. b4 Nd7 10. Qa4 Bh5 11. O-O Be7 12. Qb5 O-O 13. Re1 Nb6 14. Qd3 Bg6
15. Qe3 Bxb1 16. Rxb1 Qd7 17. Bb2 Qe6 18. a3 a6 19. Qf4 Nc4 20. Nb3 Rae8 21.
Nbd4 Nxd4 22. Nxd4 Qg6 23. Qg3 Qxg3 24. hxg3 c6 25. Bc1 Bd8 26. f4 Bb6 27. a4
f6 28. e6 Bxd4+ 29. cxd4 f5 30. b5 axb5 31. axb5 Rf6 32. bxc6 bxc6 33. e7 Kf7
34. Kf2 Re6 35. Rxe6 Kxe6 36. Ra1 Rxe7 37. Ra6 Kd6 38. Ba3+ Nxa3 39. Rxa3 h5
40. Ra8 g6 41. Rg8 Re6 42. Rg7 c5 43. dxc5+ Kxc5 44. Ra7 d4 45. Ra5+ Kc4 46.
Ra4+ Kd3 47. Ra3+ Kc2 48. Ra2+ Kb3 49. Ra8 d3 50. Rd8 Kc2 51. Rc8+ Kd1 52. Rd8
d2 53. Rc8 Re4 54. Rc7 Ra4 55. Rc8 Ra1 56. Rc6 Rc1 57. Ra6 Kc2 58. Ra2+ Kd3 59.
Ra3+ Kc4 0-1

[Event "XXXV Festival A"]
[Site "Arco ITA"]
[Date "2013.10.19"]
[Round "8"]
[White "Schnitzspan, Lothar"]
[Black "Bruno, Fabio"]
[WhiteElo "2324"]
[BlackElo "2408"]
[Result "0-1"]
[PlyCount "74"]
[EventDate "2013.10.12"]

1. Nf3 d5 2. b3 Bf5 3. Bb2 e6 4. e3 Nf6 5. Be2 h6 6. c4 Nbd7 7. O-O c6 8. d3
Be7 9. Nbd2 O-O 10. Re1 Nc5 11. Ne5 a5 12. cxd5 exd5 13. a3 Bd6 14. d4 Ncd7 15.
Ndf3 Re8 16. Bd3 Bxd3 17. Qxd3 Ne4 18. Nxd7 Qxd7 19. Nd2 Re6 20. Nf1 Rg6 21. f3
Ng5 22. Kh1 Re8 23. Qe2 Qf5 24. Bc3 h5 25. Bd2 h4 26. e4 dxe4 27. Bxg5 Qxg5 28.
fxe4 h3 29. g3 Rge6 30. Qd3 Qg6 31. Nd2 Bf4 32. Nf3 Rxe4 33. Rxe4 Rxe4 34. Qf1
Qg4 35. Rd1 Re3 36. Ng1 Bh6 37. Nxh3 Qe4+ 0-1

[Event "XXXV Festival A"]
[Site "Arco ITA"]
[Date "2013.10.19"]
[Round "8"]
[White "Tocco, Paolo"]
[Black "Wild, Helmut"]
[WhiteElo "2133"]
[BlackElo "1973"]
[Result "1-0"]
[PlyCount "53"]
[EventDate "2013.10.12"]

1. d4 d5 2. e4 c6 3. Nc3 dxe4 4. f3 e3 5. Bxe3 Bf5 6. g4 Bg6 7. Nge2 h6 8. Nf4
Bh7 9. Qd2 e6 10. O-O-O Nd7 11. h4 Ngf6 12. g5 Nd5 13. Ncxd5 cxd5 14. g6 Bg8
15. Bh3 Qb6 16. gxf7+ Bxf7 17. Rhe1 O-O-O 18. Bf2 Qa6 19. Kb1 Re8 20. Qc3+ Kd8
21. h5 b5 22. a3 Qb6 23. Bh4+ Be7 24. Nxe6+ Bxe6 25. Rxe6 Qb7 26. Qa5+ Nb6 27.
Rd6+ 1-0

[Event "XXXV Festival A"]
[Site "Arco ITA"]
[Date "2013.10.19"]
[Round "8"]
[White "Trauth, Michael"]
[Black "De Santis, Alessio"]
[WhiteElo "2182"]
[BlackElo "2294"]
[Result "1/2-1/2"]
[PlyCount "24"]
[EventDate "2013.10.12"]

1. Nf3 b6 2. g3 Bb7 3. Bg2 c5 4. c4 Nf6 5. b3 g6 6. Bb2 Bg7 7. O-O O-O 8. Nc3
Ne4 9. Qc2 Nxc3 10. Bxc3 Bxc3 11. Qxc3 Nc6 12. d4 cxd4 1/2-1/2

[Event "XXXV Festival A"]
[Site "Arco ITA"]
[Date "2013.10.19"]
[Round "8"]
[White "Valenti, Giuseppe"]
[Black "Pedersen, Henrik Bolding"]
[WhiteElo "2177"]
[BlackElo "2123"]
[Result "1/2-1/2"]
[PlyCount "33"]
[EventDate "2013.10.12"]

1. e4 c6 2. d4 d5 3. Nc3 dxe4 4. Nxe4 Bf5 5. Ng3 Bg6 6. Nf3 Nd7 7. h4 h6 8. h5
Bh7 9. Bd3 Bxd3 10. Qxd3 e6 11. Bd2 Ngf6 12. O-O-O Qc7 13. Kb1 O-O-O 14. c4 Bd6
15. Ne4 Nxe4 16. Qxe4 Nf6 17. Qe2 1/2-1/2

[Event "XXXV Festival A"]
[Site "Arco ITA"]
[Date "2013.10.19"]
[Round "8"]
[White "Vezzosi, Paolo"]
[Black "Ivanov, Mikhail M."]
[WhiteElo "2267"]
[BlackElo "2347"]
[Result "1/2-1/2"]
[PlyCount "109"]
[EventDate "2013.10.12"]

1. d4 Nf6 2. Nf3 g6 3. Bg5 Bg7 4. Nbd2 d5 5. e3 Nbd7 6. Bd3 b6 7. Qe2 Bb7 8.
O-O Ne4 9. Bf4 h6 10. Rad1 g5 11. Be5 f6 12. Bg3 e6 13. Ne1 Nxg3 14. Bg6+ Ke7
15. fxg3 Nf8 16. Bh5 a5 17. Nef3 f5 18. g4 Nd7 19. gxf5 exf5 20. g4 Nf6 21. Ne5
Nxh5 22. Ng6+ Kd7 23. Nxh8 Bxh8 24. gxh5 Qf6 25. Qd3 Rf8 26. Rf2 Kc8 27. Rdf1
f4 28. c3 Qd6 29. Qg6 Rf6 30. Qe8+ Qd8 31. Qxd8+ Kxd8 32. exf4 g4 33. Re1 Bc6
34. Nf1 Bd7 35. Ne3 Rd6 36. Rd1 Bf6 37. f5 Bh4 38. Re2 Bg5 39. Rf1 Bb5 40. Rfe1
Bxe2 41. Rxe2 Rf6 42. Nxd5 Rxf5 43. c4 b5 44. Rf2 Rxf2 45. Kxf2 bxc4 46. Ne3
Bf6 47. Nxc4 Bxd4+ 48. Kg3 a4 49. Kxg4 Ke7 50. Kf5 Kf7 51. h3 Bg7 52. Ne5+ Ke7
53. Nc4 Kf7 54. Ne5+ Ke7 55. Nc4 1/2-1/2